Tanítsd őket, míg fiatalok!
Elmentve itt :
| Szerző: | |
|---|---|
| Dokumentumtípus: | Cikk |
| Megjelent: |
1993-03-13
|
| Sorozat: | Délmagyarország
83 No. 61 |
| Kulcsszavak: | Dorogman László, egyesületek |
| Online Access: | http://dmarchiv.bibl.u-szeged.hu/93369 |
| LEADER | 00472nab a2200157 i 4500 | ||
|---|---|---|---|
| 001 | delm93369 | ||
| 005 | 20191008110500.0 | ||
| 008 | 191008s1993 hu o 0|| hun d | ||
| 040 | |a SZTE Délmagyarország Archívum |b hun | ||
| 041 | |a hun | ||
| 100 | 1 | |a Dorogman László | |
| 245 | 1 | 0 | |a Tanítsd őket, míg fiatalok! |h [elektronikus dokumentum] / |c Dorogman László |
| 260 | |c 1993-03-13 | ||
| 300 | |a 6 | ||
| 490 | 0 | |a Délmagyarország |v 83 No. 61 | |
| 695 | |a Dorogman László, egyesületek | ||